书目信息 |
| 题名: |
中国马克思主义概论
|
|
| 作者: | 肖巍 主编 | |
| 分册: | ||
| 出版信息: | 上海 复旦大学出版社 2005.09 |
|
| 页数: | 316页 | |
| 开本: | 24cm | |
| 丛书名: | 博学·思想政治理论课系列 | |
| 单 册: | ||
| 中图分类: | D61 | |
| 科图分类: | ||
| 主题词: | 马克思主义--ma ke si zhu yi--概论 | |
| 电子资源: | ||
| ISBN: | 7-309-04668-4 | |
| 000 | 00867nam 2200241 450 | |
| 001 | 012007869299 | |
| 005 | 20070521092857.73 | |
| 010 | @a7-309-04668-4@dCNY34.00 | |
| 100 | @a20070310d2005 km y0chiy0120 ea | |
| 101 | 0 | @achi |
| 102 | @aCN@b310000 | |
| 105 | @ay z 000yy | |
| 200 | 1 | @a中国马克思主义概论@Azhong guo ma ke si zhu yi gai lun@f肖巍主编@Fxiao wei zhu bian |
| 210 | @a上海@c复旦大学出版社@d2005.09 | |
| 215 | @a316页@d24cm | |
| 225 | 2 | @a博学·思想政治理论课系列@Abo xue·si xiang zheng zhi li lun ke xi lie |
| 330 | @a本书全景式地考察了中国革命、建设和改革的历程,详尽论述了马克思主义中国化的两次重大飞跃和中国化的马克思主义三大理论成果。 | |
| 410 | 0 | @12001 @a博学·思想政治理论课系列 |
| 606 | 0 | @a马克思主义@Ama ke si zhu yi@x概论 |
| 690 | @aD61@v4 | |
| 701 | 0 | @a肖巍@Axiao wei@4主编 |
| 801 | 0 | @aCN@c20070521 |
| 905 | @a10447@dD61@eX295 | |
| 中国马克思主义概论/肖巍主编.-上海:复旦大学出版社,2005.09 |
| 316页;24cm.-(博学·思想政治理论课系列) |
| ISBN 7-309-04668-4:CNY34.00 |
| 本书全景式地考察了中国革命、建设和改革的历程,详尽论述了马克思主义中国化的两次重大飞跃和中国化的马克思主义三大理论成果。 |
| ● |
| 相关链接 |
|
|
|
正题名:中国马克思主义概论
索取号:D61/X295
 
预约/预借
| 序号 | 登录号 | 条形码 | 馆藏地/架位号 | 状态 | 备注 |
| 1 | 236833 | 202368339 | 社科库509/509社科库 72排1列5层/ [索取号:D61/X295] | 在馆 | |
| 2 | 236834 | 202368348 | 社科库509/509社科库 72排1列5层/ [索取号:D61/X295] | 在馆 |